00682nam a2200241 a 4500001001300000003000900013005001700022008004100039020001000080082001700090100002300107245001700130260004900147300000900196500003500205505001000240650002000250700002300270902000800293942000700301952011700308999001500425nice12345678IN_TiNIC20260116011531.0050524s1962 losa grp 000 0 eng  ac10000a306.697bVON aVon Grunebaum, G E aModern Islam aLos Angeles bUniversity of Californiac1962 a303p aincludes index and biblioraphy2 aIndex aIslamic-Culture1 aVon Grunebaum, G E bSRS cBK 001040708StackRoom-aHMIbHMId2007-04-05g100.00l0o306.697 VONp03221r2007-04-05v100.00w2005-05-24yBK c2397d2397